| 000 | 01368nam a22002057a 4500 | ||
|---|---|---|---|
| 005 | 20250211143012.0 | ||
| 008 | 250211b ||||| |||| 00| 0 eng d | ||
| 020 | _a9789394701212 | ||
| 040 | _cAL | ||
| 082 |
_223 _a332.6 _bPILF |
||
| 100 |
_aPilbeam Keith _9199109 |
||
| 245 | _aFinance and financial markets | ||
| 250 | _a4th ed. | ||
| 260 |
_aNew Delhi _bBloomsbury _c2022 |
||
| 300 |
_axxiv,502p _bPB _c25x19cm. |
||
| 365 |
_2General _a6391 _b₹959.20 _c₹ _d₹1199.00 _e20% _f6/02/2025 |
||
| 520 | _ahis popular textbook offers a broad and accessible introduction to the building blocks of modern finance: financial markets, institutions and instruments. Focussing on the core elements of the subject, the author blends theory with real-life data, cases and numerical worked examples, linking the material to practice at just the right level of technical complexity. This new edition has updated data and cases throughout, ensuring that it is as up-to-date as possible in this fast-moving area. More assessment and self-test resources have been added to the book to help support students and lecturers.It is ideally suited to students at all levels who take economics, business and finance courses, as well as for those who want to understand the workings of the modern financial world. | ||
| 650 |
_2Economics _aFinancial Economics _9199110 |
||
| 942 |
_2ddc _cBK |
||
| 999 |
_c233750 _d233750 |
||